Southville International School and Colleges
Your cart is empty.
  • Cart
  • Lists
    Public lists Eva Luna New books Lux_list list_1
    Your lists Log in to create your own lists
  • Log in to your account
  • Your cookies
  • Search history
Southville International School and Colleges
  • Advanced search
  • Recent comments
  • Most popular
  • Libraries

Log in to your account

Log in with GOOGLE


If you do not have an external account, but do have a local account, you can still log in:

  1. Home
  2. MARC view: Ways of structure building /
Normal view MARC view ISBD view

Ways of structure building / (Record no. 288881)

[ view plain ]
MARC details
000 -LEADER
fixed length control field 01089cam a2200325 a 4500
001 - CONTROL NUMBER
control field 17114364
003 - CONTROL NUMBER IDENTIFIER
control field PILC
005 - DATE AND TIME OF LATEST TRANSACTION
control field 20151104094836.0
008 - FIXED-LENGTH DATA ELEMENTS--GENERAL INFORMATION
fixed length control field 120110s2012 enk b 001 0 eng
010 ## - LIBRARY OF CONGRESS CONTROL NUMBER
LC control number 2012930676
020 ## - INTERNATIONAL STANDARD BOOK NUMBER
International Standard Book Number 9780199644933 (hardback)
020 ## - INTERNATIONAL STANDARD BOOK NUMBER
International Standard Book Number 9780199644940 (pbk.)
040 ## - CATALOGING SOURCE
Original cataloging agency DLC
Transcribing agency DLC
Modifying agency DLC
042 ## - AUTHENTICATION CODE
Authentication code pcc
050 00 - LIBRARY OF CONGRESS CALL NUMBER
Classification number P 146
Item number .W39 2012
082 00 - DEWEY DECIMAL CLASSIFICATION NUMBER
Classification number 415
245 00 - TITLE STATEMENT
Title Ways of structure building /
Statement of responsibility, etc edited by Myriam Uribe-Etxebarria and Vidal Valmala.
250 ## - EDITION STATEMENT
Edition statement 1st edition.
260 ## - PUBLICATION, DISTRIBUTION, ETC. (IMPRINT)
Place of publication, distribution, etc Oxford ;
-- New York :
Name of publisher, distributor, etc Oxford University Press,
Date of publication, distribution, etc 2012.
300 ## - PHYSICAL DESCRIPTION
Extent xvii, 423 pages ;
Dimensions 24 cm.
490 0# - SERIES STATEMENT
Series statement Oxford studies in theoretical linguistics ;
Volume number/sequential designation 40
500 ## - GENERAL NOTE
General note Includes bibliographical references and indexes.
650 #0 - SUBJECT ADDED ENTRY--TOPICAL TERM
Topical term or geographic name as entry element Structural linguistics.
650 #0 - SUBJECT ADDED ENTRY--TOPICAL TERM
Topical term or geographic name as entry element Grammar, Comparative and general
General subdivision Syntax.
700 1# - ADDED ENTRY--PERSONAL NAME
Personal name Uribe-Etxebarria, Myriam.
700 1# - ADDED ENTRY--PERSONAL NAME
Personal name Valmala, Vidal.
906 ## - LOCAL DATA ELEMENT F, LDF (RLIN)
a 7
b cbc
c orignew
d 2
e epcn
f 20
g y-gencatlg
942 ## - ADDED ENTRY ELEMENTS (KOHA)
Source of classification or shelving scheme Library of Congress Classification
Koha item type Books
Call number prefix Foreign
Holdings
Withdrawn status Lost status Source of classification or shelving scheme Damaged status Home library Current library Shelving location Date acquired Source of acquisition Sub Shelving location Total Checkouts Full call number Barcode Date last seen Price effective from Koha item type
    Library of Congress Classification   College Library College Library Reserve Section 11/04/2015 Library Fund     P 146 .W39 2012 C20211 05/15/2018 11/04/2015 Books

Ways of structure building /

APA

Uribe-Etxebarria M., Valmala V., . (2012). Ways of structure building. Oxford: Oxford University Press.

Chicago

Uribe-Etxebarria Myriam, Valmala Vidal, . 2012. Ways of structure building. Oxford: Oxford University Press.

Harvard

Uribe-Etxebarria M., Valmala V., . (2012). Ways of structure building. Oxford: Oxford University Press.

MLA

Uribe-Etxebarria Myriam, Valmala Vidal, . Ways of structure building. Oxford: Oxford University Press. 2012.

  • Place hold
  • Print
  • Cite
  • Add to your cart (remove)
  • Save record
    BIBTEX Dublin Core MARCXML MARC (non-Unicode/MARC-8) MARC (Unicode/UTF-8) MARC (Unicode/UTF-8, Standard) MODS (XML) RIS
  • More searches
    Search for this title in:
    Other Libraries (WorldCat) Other Databases (Google Scholar) Online Stores (Bookfinder.com) Open Library (openlibrary.org)

Exporting to Dublin Core...

SOUTHVILLE LIBRARY

Southville International School and Colleges Library

1281 Tropical Ave. Cor. Luxembourg St., BF Homes International, Las Pinas City

Tel. No. 8256374 / 252358 Loc. 117/146

Powered by Koha